Bus systems for the future achieving sustainable transport worldwide

Saved in:
Bibliographic Details
Format: Book
Language:English
Published: Paris OECD/IEA 2002
Subjects:
Tags: Add Tag
No Tags, Be the first to tag this record!

MARC

LEADER 00000nam a2200000 4500
001 c140042
005 20221221092058.7
041 0 |a eng 
044 |a FR 
245 1 0 |a Bus systems for the future  |b achieving sustainable transport worldwide 
264 1 |a Paris  |b OECD/IEA  |c 2002 
300 |a 188 s. 
610 2 0 |a doprava cestná osobná 
610 2 0 |a doprava automobilová osobná 
610 2 0 |a autobusy 
610 2 0 |a prognózy 
610 2 0 |a doprava verejná 
610 2 0 |a krajiny rozvojové 
610 2 0 |a technológie nové 
610 2 0 |a manažment 
610 2 0 |a palivá 
610 2 0 |a hmoty pohonné 
610 2 0 |a štúdie prípadové 
610 2 0 |a svet 
610 2 0 |a OECD